00586nam a2200205Ia 450000500170000000800410001702000150005808200130007310000210008624500610010726000280016830000140019665000210021065000100023165000120024165000110025394200060026495200950027099900150036520241218015013.0240331s9999 xx 000 0 und d a0415121655 bHOLa889 aHolst-Warhaft, G 0aDangerous Voices :bwomen's laments and Greek literature aLondonbRoutledgec1992 a227 p .,  aGreek Literature aWomen aHistory aSocial cL 001040708LaWERCLbWERCLcSSCd2024-03-31l0o 889 HOLp5045r2024-03-31w2024-03-31yL c3406d3406